| 000 | 01632nam a2200289Ia 4500 | ||
|---|---|---|---|
| 999 |
_c55388 _d55388 |
||
| 001 | 22468 | ||
| 003 | GE_BSU | ||
| 005 | 20230321104557.0 | ||
| 008 | 181216s2017||||ge |||||||||||||| ||geo|| | ||
| 020 | _a9789941913433 | ||
| 040 | _cGE_BSU | ||
| 041 | _ageo | ||
| 080 | _a338(100) ა-87 | ||
| 100 |
_aასათიანი, როზეტა _917231 |
||
| 245 |
_aXX საუკუნის მსოფლიო ეკონომიკის კონცეპტუალური ანალიზი და საქართველოს ეკონომიკური პორტრეტი / _cროზეტა ასათიანი ; მეცნ.-რედ. ნოდარ ჭითანავა. |
||
| 264 |
_aთბილისი : _bსიახლე, _c2017. |
||
| 300 |
_a140 გვ. ; _c20 სმ. |
||
| 504 | _aბიბლიოგრაფია გვ. 126-137 | ||
| 520 | _aრეზიუმე ქართულ და ინგლისურ ენებზე | ||
| 541 | _h12ლ. | ||
| 653 | _aXX საუკუნის მსოფლიო ეკონომიკის კონცეპტუალური ანალიზი და საქართველოს ეკონომიკური პორტრეტი | ||
| 653 | _aეკონომიკა | ||
| 653 | _aსაქართველოს ეკონომიკის ისტორია | ||
| 653 | _a მსოფლიო ეკონომიკის ისტორია | ||
| 653 | _a ეკონომიკური თეორიები | ||
| 942 |
_cBK _2udc |
||